Statistics for Fifa 23 Top 100 Premier League Players

Click here to take the quiz!

General Stats

  • This quiz has been taken 195 times
  • The average score is 74 of 100

Answer Stats

RatingClubNationPlayer% Correct
90Manchester UnitedPortugalCristiano Ronaldo
100%
89Tottenham HotspurEnglandHarry Kane
100%
89Tottenham HotspurSouth KoreaHeung-Min Son
100%
91Manchester CityBelgiumKevin De Bruyne
100%
90LiverpoolEgyptMohamed Salah
100%
88Manchester CityNorwayErling Haaland
99%
90LiverpoolNetherlandsVirgil Van Dijk
99%
89Manchester CityBrazilEderson
98%
88Manchester CityPortugalRuben Dias
98%
89LiverpoolBrazilAlisson
96%
86Manchester UnitedPortugalBruno Fernandes
96%
89ChelseaFranceN'Golo Kante
96%
87LiverpoolEnglandTrent Alexander-Arnold
96%
88Manchester CityPortugalBernardo Silva
95%
87Tottenham HotspurFranceHugo Lloris
95%
84LiverpoolColombiaLuis Diaz
94%
87LiverpoolScotlandAndrew Robertson
93%
88Manchester CityPortugalJoao Cancelo
93%
86ChelseaBrazilThiago Silva
93%
86ChelseaSenegalEdouard Mendy
92%
89Manchester UnitedBrazilCasemiro
91%
87Manchester UnitedSpainDavid De Gea
91%
86Manchester CityAlgeriaRiyad Mahrez
91%
87Manchester CitySpainRodri
91%
86LiverpoolSpainThiago Alcantara
91%
87LiverpoolBrazilFabinho
90%
85Manchester CityGermanyIlkay Gundogan
88%
85Leicester CityEnglandJamie Vardy
88%
85Manchester CityEnglandPhil Foden
88%
87ChelseaSenegalKalidou Koulibaly
87%
83ArsenalBrazilGabriel Jesus
86%
82LiverpoolUruguayDarwin Nunez
85%
84Aston VillaArgentinaEmiliano Martinez
85%
83Manchester CityEnglandJohn Stones
85%
84ArsenalNorwayMartin Odegaard
85%
84ChelseaGermanyKai Havertz
83%
85Manchester CityEnglandKyle Walker
83%
85LiverpoolPortugalDiogo Jota
82%
83LiverpoolEnglandJordan Henderson
82%
86Manchester CitySpainAymeric Laporte
81%
84ChelseaCroatiaMateo Kovacic
81%
85ChelseaItalyJorginho
80%
84ChelseaEnglandMason Mount
80%
84West Ham UnitedEnglandDeclan Rice
79%
83ChelseaMoroccoHakim Ziyech
79%
84Manchester CityEnglandJack Grealish
79%
84LiverpoolCameroonJoel Matip
79%
85ChelseaGabonPierre-Emerick Aubameyang
79%
86ChelseaEnglandRaheem Sterling
79%
84ArsenalGhanaThomas Partey
79%
82Manchester UnitedDenmarkChristian Eriksen
78%
82ChelseaUnited StatesChristian Pulisic
78%
84ChelseaEnglandReece James
78%
83LiverpoolBrazilRoberto Firmino
78%
81Manchester UnitedEnglandMarcus Rashford
77%
84Manchester UnitedFranceRaphael Varane
74%
84Leicester CityBelgiumYouri Tielemans
74%
82ArsenalEnglandBukayo Saka
72%
84Manchester UnitedEnglandJadon Sancho
72%
83Tottenham HotspurDenmarkPierre-Emile Hojbjerg
72%
83WolvesPortugalRuben Neves
72%
82Manchester UnitedBrazilAntony
69%
83Tottenham HotspurArgentinaCristian Romero
69%
84Leicester CityNigeriaWilfred Ndidi
69%
82Crystal PalaceIvory CoastWilfried Zaha
69%
84Tottenham HotspurCroatiaIvan Perisic
67%
82Leicester CityEnglandJames Maddison
67%
84Newcastle UnitedEnglandKieran Trippier
67%
82ChelseaEnglandBen Chilwell
66%
82West Ham UnitedBrazilLucas Paqueta
62%
81LiverpoolFranceIbrahima Konate
61%
81Manchester CitySwitzerlandManuel Akanji
61%
81LiverpoolGuineaNaby Keita
61%
81Tottenham HotspurSwedenDejan Kulusevski
60%
82WolvesMexicoRaul Jimenez
60%
82ChelseaSpainCesar Azpilicueta
59%
82EvertonEnglandJordan Pickford
59%
82ArsenalEnglandAaron Ramsdale
58%
81Manchester UnitedEnglandHarry Maguire
58%
81LiverpoolEnglandJoe Gomez
57%
82EvertonSenegalIdrissa Gueye
55%
82Aston VillaBrazilPhilippe Coutinho
54%
81Tottenham HotspurBrazilRicharlison
54%
81West Ham UnitedCzech RepublicTomas Soucek
53%
81ArsenalBrazilGabriel
52%
82West Ham UnitedPolandLukasz Fabianski
52%
81Newcastle UnitedEnglandNick Pope
52%
81SouthamptonEnglandJames Ward-Prowse
50%
82Aston VillaFranceLucas Digne
47%
83Leicester CityPortugalRicardo Pereira
47%
81Tottenham HotspurMaliYves Bissouma
47%
81BournemouthBrazilNeto
46%
83Aston VillaBrazilDiego Carlos
45%
81Manchester CityEnglandKalvin Phillips
42%
81ChelseaSpainMarc Cucurella
41%
81Newcastle UnitedFranceAllan Saint-Maximin
40%
81WolvesPortugalJoao Moutinho
39%
81FulhamPortugalJoao Palhinha
39%
81West Ham UnitedFranceAlphonse Areola
34%
82WolvesPortugalGoncalo Guedes
23%

Score Distribution

Percentile by Number Answered

Percent of People with Each Score

Your Score History

You have not taken this quiz